[Event "Amsterdam Science Park 2023"]
[Site "Science Park, Amsterdam, Netherlands"]
[Date "2023.07.22"]
[Round "8.1"]
[White "Zwirs, Nico"]
[Black "Riemersma, Li"]
[Result "1/2-1/2"]
[WhiteElo "2443"]
[BlackElo "2440"]

1. e4 {[%clk 01:29:51]} {[%emt 00:01:08]} e5 {[%clk 01:30:56]} {[%emt
00:00:05]} 2. Nf3 {[%clk 01:30:00]} {[%emt 00:00:21]} Nc6 {[%clk 01:31:22]}
{[%emt 00:00:04]} 3. Bc4 {[%clk 01:30:26]} {[%emt 00:00:04]} Bc5 {[%clk
01:31:46]} {[%emt 00:00:06]} 4. c3 {[%clk 01:30:33]} {[%emt 00:00:23]} Nf6
{[%clk 01:32:06]} {[%emt 00:00:10]} 5. d4 {[%clk 01:30:52]} {[%emt 00:00:11]}
exd4 {[%clk 01:32:31]} {[%emt 00:00:06]} 6. e5 {[%clk 01:31:18]} {[%emt
00:00:05]} d5 {[%clk 01:32:56]} {[%emt 00:00:04]} 7. Bb5 {[%clk 01:31:42]}
{[%emt 00:00:05]} Ne4 {[%clk 01:33:02]} {[%emt 00:00:24]} 8. cxd4 {[%clk
01:31:43]} {[%emt 00:00:29]} Bb6 {[%clk 01:33:16]} {[%emt 00:00:16]} 9. Nc3
{[%clk 01:32:06]} {[%emt 00:00:07]} Bg4 {[%clk 01:30:44]} {[%emt 00:03:03]} 10.
Be3 {[%clk 01:32:17]} {[%emt 00:00:18]} O-O {[%clk 01:30:51]} {[%emt 00:00:23]}
11. h3 {[%clk 01:32:36]} {[%emt 00:00:10]} Bh5 {[%clk 01:30:02]} {[%emt
00:01:20]} 12. Qc2 {[%clk 01:32:29]} {[%emt 00:00:37]} Nxc3 {[%clk 01:27:09]}
{[%emt 00:03:23]} 13. bxc3 {[%clk 01:21:19]} {[%emt 00:11:41]} f6 {[%clk
01:27:06]} {[%emt 00:00:33]} 14. exf6 {[%clk 01:19:50]} {[%emt 00:01:58]} Qxf6
{[%clk 01:27:30]} {[%emt 00:00:07]} 15. Be2 {[%clk 01:20:05]} {[%emt 00:00:15]}
Na5 {[%clk 01:27:47]} {[%emt 00:00:13]} 16. Ne5 {[%clk 01:18:12]} {[%emt
00:02:21]} Bxe2 {[%clk 01:28:10]} {[%emt 00:00:08]} 17. Qxe2 {[%clk 01:18:38]}
{[%emt 00:00:04]} c5 {[%clk 01:28:28]} {[%emt 00:00:13]} 18. O-O {[%clk
01:12:30]} {[%emt 00:06:36]} cxd4 {[%clk 01:18:44]} {[%emt 00:10:15]} 19. cxd4
{[%clk 01:12:19]} {[%emt 00:00:41]} Qe6 {[%clk 01:18:54]} {[%emt 00:00:20]} 20.
Rac1 {[%clk 00:57:40]} {[%emt 00:15:08]} Rac8 {[%clk 01:03:52]} {[%emt
00:15:33]} 21. Rfd1 {[%clk 00:45:45]} {[%emt 00:12:25]} Nc6 {[%clk 00:57:40]}
{[%emt 00:06:43]} 22. Nxc6 {[%clk 00:39:32]} {[%emt 00:06:43]} Rxc6 {[%clk
00:58:05]} {[%emt 00:00:05]} 23. Rxc6 {[%clk 00:39:51]} {[%emt 00:00:10]} Qxc6
{[%clk 00:58:19]} {[%emt 00:00:17]} 24. Qg4 {[%clk 00:37:16]} {[%emt 00:03:05]}
Qc8 {[%clk 00:56:50]} {[%emt 00:01:59]} 25. Qg3 {[%clk 00:21:23]} {[%emt
00:16:23]} 1/2-1/2

[Event "Amsterdam Science Park 2023"]
[Site "Science Park, Amsterdam, Netherlands"]
[Date "2023.07.22"]
[Round "8.2"]
[White "Beeke, Bob"]
[Black "Blees, Albert"]
[Result "0-1"]
[WhiteElo "2216"]
[BlackElo "2319"]

1. c4 {[%clk 01:30:54]} {[%emt 00:00:05]} Nf6 {[%clk 01:29:36]} {[%emt
00:01:23]} 2. Nc3 {[%clk 01:30:56]} {[%emt 00:00:28]} g6 {[%clk 01:29:41]}
{[%emt 00:00:26]} 3. g3 {[%clk 01:30:04]} {[%emt 00:01:22]} Bg7 {[%clk
01:29:28]} {[%emt 00:00:43]} 4. Bg2 {[%clk 01:30:17]} {[%emt 00:00:17]} d6
{[%clk 01:29:20]} {[%emt 00:00:38]} 5. Rb1 {[%clk 01:28:40]} {[%emt 00:02:07]}
a5 {[%clk 01:23:16]} {[%emt 00:06:33]} 6. a3 {[%clk 01:24:56]} {[%emt
00:04:15]} O-O {[%clk 01:22:58]} {[%emt 00:00:47]} 7. Nf3 {[%clk 01:25:14]}
{[%emt 00:00:12]} e5 {[%clk 01:22:57]} {[%emt 00:00:30]} 8. O-O {[%clk
01:24:13]} {[%emt 00:01:32]} Re8 {[%clk 01:22:16]} {[%emt 00:01:10]} 9. d3
{[%clk 01:24:07]} {[%emt 00:00:37]} e4 {[%clk 01:18:12]} {[%emt 00:04:34]} 10.
Ne1 {[%clk 01:19:05]} {[%emt 00:05:32]} exd3 {[%clk 01:11:30]} {[%emt
00:07:11]} 11. Nxd3 {[%clk 01:19:26]} {[%emt 00:00:10]} c6 {[%clk 01:09:13]}
{[%emt 00:02:47]} 12. b3 {[%clk 01:12:46]} {[%emt 00:07:10]} Bf5 {[%clk
01:02:08]} {[%emt 00:07:34]} 13. Re1 {[%clk 01:09:44]} {[%emt 00:03:32]} Ne4
{[%clk 00:59:19]} {[%emt 00:03:19]} 14. Nxe4 {[%clk 01:06:57]} {[%emt
00:03:18]} Bxe4 {[%clk 00:59:15]} {[%emt 00:00:33]} 15. f3 {[%clk 01:00:52]}
{[%emt 00:06:35]} Bf5 {[%clk 00:54:08]} {[%emt 00:05:37]} 16. e4 {[%clk
00:59:37]} {[%emt 00:01:45]} Be6 {[%clk 00:54:29]} {[%emt 00:00:09]} 17. Nf4
{[%clk 00:51:09]} {[%emt 00:08:58]} c5 {[%clk 00:54:28]} {[%emt 00:00:30]} 18.
Bh3 {[%clk 00:38:34]} {[%emt 00:13:05]} Nc6 {[%clk 00:49:50]} {[%emt 00:05:09]}
19. Bb2 {[%clk 00:36:05]} {[%emt 00:02:59]} Bxb2 {[%clk 00:47:16]} {[%emt
00:03:03]} 20. Rxb2 {[%clk 00:36:32]} {[%emt 00:00:04]} Nd4 {[%clk 00:45:26]}
{[%emt 00:02:19]} 21. Kg2 {[%clk 00:31:38]} {[%emt 00:05:25]} Qf6 {[%clk
00:41:38]} {[%emt 00:04:17]} 22. Bxe6 {[%clk 00:29:04]} {[%emt 00:03:05]} fxe6
{[%clk 00:41:45]} {[%emt 00:00:22]} 23. Rf2 {[%clk 00:25:57]} {[%emt 00:03:38]}
b5 {[%clk 00:30:48]} {[%emt 00:11:27]} 24. e5 {[%clk 00:21:16]} {[%emt
00:05:11]} dxe5 {[%clk 00:28:49]} {[%emt 00:02:28]} 25. Nd3 {[%clk 00:20:33]}
{[%emt 00:01:13]} a4 {[%clk 00:24:57]} {[%emt 00:04:22]} 26. bxa4 {[%clk
00:18:48]} {[%emt 00:02:16]} bxc4 {[%clk 00:25:07]} {[%emt 00:00:19]} 27. Nxc5
{[%clk 00:18:12]} {[%emt 00:01:07]} Red8 {[%clk 00:18:40]} {[%emt 00:06:56]} 28.
Qc1 {[%clk 00:12:59]} {[%emt 00:05:44]} Rac8 {[%clk 00:14:39]} {[%emt
00:04:31]} 29. Qxc4 {[%clk 00:10:17]} {[%emt 00:03:13]} Rd5 {[%clk 00:08:53]}
{[%emt 00:06:15]} 30. Nd7 {[%clk 00:08:31]} {[%emt 00:02:17]} Qd8 {[%clk
00:09:05]} {[%emt 00:00:17]} 31. Nf6+ {[%clk 00:05:49]} {[%emt 00:03:12]} Kf7
{[%clk 00:08:42]} {[%emt 00:00:53]} 32. Qxc8 {[%clk 00:05:44]} {[%emt
00:00:36]} Qxc8 {[%clk 00:09:04]} {[%emt 00:00:07]} 33. Nxd5 {[%clk 00:06:12]}
{[%emt 00:00:03]} exd5 {[%clk 00:09:24]} {[%emt 00:00:09]} 34. Rxe5 {[%clk
00:06:39]} {[%emt 00:00:03]} Qc4 {[%clk 00:08:34]} {[%emt 00:01:21]} 35. g4
{[%clk 00:06:41]} {[%emt 00:00:28]} Nc6 {[%clk 00:06:48]} {[%emt 00:02:15]} 36.
Re1 {[%clk 00:04:51]} {[%emt 00:02:20]} h5 {[%clk 00:06:26]} {[%emt 00:00:52]}
37. Kg3 {[%clk 00:03:35]} {[%emt 00:01:47]} Qc5 {[%clk 00:04:54]} {[%emt
00:02:01]} 38. Rb2 {[%clk 00:02:42]} {[%emt 00:01:23]} hxg4 {[%clk 00:04:26]}
{[%emt 00:00:58]} 39. Rb7+ {[%clk 00:02:05]} {[%emt 00:01:07]} Kf6 {[%clk
00:04:46]} {[%emt 00:00:10]} 40. Kxg4 {[%clk 00:00:36]} {[%emt 00:02:00]} Qf2
{[%clk 00:04:28]} {[%emt 00:00:48]} 0-1

[Event "Amsterdam Science Park 2023"]
[Site "Science Park, Amsterdam, Netherlands"]
[Date "2023.07.22"]
[Round "8.3"]
[White "De Groote, Ewoud"]
[Black "Kanis, Sierk"]
[Result "1-0"]
[WhiteElo "2232"]
[BlackElo "2112"]

1. e4 {[%clk 01:30:58]} c5 {[%clk 01:30:05]} {[%emt 00:00:56]} 2. Nf3 {[%clk
01:31:23]} {[%emt 00:00:04]} d6 {[%clk 01:30:31]} {[%emt 00:00:05]} 3. d4
{[%clk 01:31:38]} {[%emt 00:00:15]} cxd4 {[%clk 01:30:56]} {[%emt 00:00:04]} 4.
Nxd4 {[%clk 01:32:03]} {[%emt 00:00:04]} Nf6 {[%clk 01:31:20]} {[%emt
00:00:07]} 5. Nc3 {[%clk 01:32:29]} {[%emt 00:00:04]} g6 {[%clk 01:31:41]}
{[%emt 00:00:09]} 6. Be3 {[%clk 01:31:54]} {[%emt 00:01:04]} Bg7 {[%clk
01:32:04]} {[%emt 00:00:07]} 7. f3 {[%clk 01:32:03]} {[%emt 00:00:22]} a6
{[%clk 01:32:26]} {[%emt 00:00:08]} 8. Qd2 {[%clk 01:32:14]} {[%emt 00:00:18]}
h5 {[%clk 01:32:48]} {[%emt 00:00:08]} 9. Be2 {[%clk 01:30:28]} {[%emt
00:02:17]} Nbd7 {[%clk 01:32:54]} {[%emt 00:00:23]} 10. O-O {[%clk 01:26:39]}
{[%emt 00:04:20]} Ne5 {[%clk 01:28:04]} {[%emt 00:05:20]} 11. a4 {[%clk
01:09:31]} {[%emt 00:17:38]} b6 {[%clk 01:26:25]} {[%emt 00:02:08]} 12. Nd5
{[%clk 00:58:21]} {[%emt 00:11:40]} Bb7 {[%clk 01:12:32]} {[%emt 00:14:23]} 13.
c4 {[%clk 00:58:12]} {[%emt 00:00:39]} O-O {[%clk 01:09:23]} {[%emt 00:03:39]}
14. Rfd1 {[%clk 00:53:11]} {[%emt 00:05:31]} Rc8 {[%clk 01:04:31]} {[%emt
00:05:22]} 15. Rac1 {[%clk 00:50:54]} {[%emt 00:02:47]} Nfd7 {[%clk 00:58:04]}
{[%emt 00:06:57]} 16. b3 {[%clk 00:36:51]} {[%emt 00:14:34]} Nc6 {[%clk
00:53:44]} {[%emt 00:04:50]} 17. Nxc6 {[%clk 00:29:03]} {[%emt 00:08:18]} Bxc6
{[%clk 00:52:49]} {[%emt 00:01:24]} 18. Bg5 {[%clk 00:27:28]} {[%emt 00:02:05]}
Re8 {[%clk 00:49:43]} {[%emt 00:03:36]} 19. Bd3 {[%clk 00:22:05]} {[%emt
00:05:54]} a5 {[%clk 00:49:01]} {[%emt 00:01:12]} 20. Bc2 {[%clk 00:21:29]}
{[%emt 00:01:05]} Nc5 {[%clk 00:47:04]} {[%emt 00:02:26]} 21. Re1 {[%clk
00:19:57]} {[%emt 00:02:03]} Rb8 {[%clk 00:40:48]} {[%emt 00:06:47]} 22. Rcd1
{[%clk 00:19:45]} {[%emt 00:00:41]} Qd7 {[%clk 00:35:45]} {[%emt 00:05:32]} 23.
h3 {[%clk 00:16:21]} {[%emt 00:03:54]} Bxd5 {[%clk 00:32:11]} {[%emt 00:04:03]}
24. exd5 {[%clk 00:16:02]} {[%emt 00:00:49]} Bf6 {[%clk 00:30:47]} {[%emt
00:01:54]} 25. g4 {[%clk 00:10:56]} {[%emt 00:05:36]} h4 {[%clk 00:24:33]}
{[%emt 00:06:44]} 26. Re2 {[%clk 00:05:53]} {[%emt 00:05:33]} Kg7 {[%clk
00:23:53]} {[%emt 00:01:09]} 27. Be3 {[%clk 00:04:13]} {[%emt 00:02:11]} Kg8
{[%clk 00:18:38]} {[%emt 00:05:45]} 28. Rde1 {[%clk 00:03:31]} {[%emt
00:01:12]} e5 {[%clk 00:10:31]} {[%emt 00:08:35]} 29. dxe6 {[%clk 00:02:33]}
{[%emt 00:01:30]} Rxe6 {[%clk 00:08:09]} {[%emt 00:02:52]} 30. Bf2 {[%clk
00:02:05]} {[%emt 00:00:57]} Rbe8 {[%clk 00:08:05]} {[%emt 00:00:34]} 31. Kg2
{[%clk 00:01:44]} {[%emt 00:00:51]} Rxe2 {[%clk 00:08:08]} {[%emt 00:00:27]} 32.
Rxe2 {[%clk 00:02:13]} {[%emt 00:00:01]} Rxe2 {[%clk 00:08:37]} {[%emt
00:00:01]} 33. Qxe2 {[%clk 00:02:36]} {[%emt 00:00:07]} Ne6 {[%clk 00:08:56]}
{[%emt 00:00:11]} 34. Qe4 {[%clk 00:02:04]} {[%emt 00:01:01]} Be5 {[%clk
00:04:02]} {[%emt 00:05:23]} 35. Be3 {[%clk 00:01:27]} {[%emt 00:01:08]} Qd8
{[%clk 00:02:46]} {[%emt 00:01:45]} 36. f4 {[%clk 00:01:48]} {[%emt 00:00:10]}
Bg7 {[%clk 00:02:38]} {[%emt 00:00:38]} 37. g5 {[%clk 00:01:56]} {[%emt
00:00:22]} Nc5 {[%clk 00:02:21]} {[%emt 00:00:47]} 38. Qd5 {[%clk 00:01:35]}
{[%emt 00:00:51]} Qe7 {[%clk 00:02:23]} {[%emt 00:00:28]} 39. Kf3 {[%clk
00:01:30]} {[%emt 00:00:35]} Kh7 {[%clk 00:01:30]} {[%emt 00:01:23]} 40. Bf2
{[%clk 00:01:03]} {[%emt 00:00:57]} Qd7 {[%clk 00:00:45]} {[%emt 00:01:15]} 41.
f5 {[%clk 00:22:26]} {[%emt 00:09:07]} Bb2 {[%clk 00:26:09]} {[%emt 00:05:05]}
42. Bxh4 {[%clk 00:20:56]} {[%emt 00:02:00]} Bc1 {[%clk 00:23:47]} {[%emt
00:02:52]} 43. Bg3 {[%clk 00:20:15]} {[%emt 00:01:11]} Qe7 {[%clk 00:22:42]}
{[%emt 00:01:35]} 44. h4 {[%clk 00:09:36]} {[%emt 00:11:09]} Nd7 {[%clk
00:18:23]} {[%emt 00:04:49]} 45. Qe4 {[%clk 00:08:13]} {[%emt 00:01:53]} Ne5+
{[%clk 00:15:24]} {[%emt 00:03:30]} 46. Bxe5 {[%clk 00:07:39]} {[%emt
00:01:05]} dxe5 {[%clk 00:14:15]} {[%emt 00:01:38]} 47. fxg6+ {[%clk 00:08:05]}
{[%emt 00:00:04]} Kg7 {[%clk 00:13:42]} {[%emt 00:01:03]} 48. gxf7 {[%clk
00:08:20]} {[%emt 00:00:15]} Qxf7+ {[%clk 00:13:35]} {[%emt 00:00:37]} 49. Qf5
{[%clk 00:08:42]} {[%emt 00:00:08]} Qh5+ {[%clk 00:13:35]} {[%emt 00:00:29]} 50.
Qg4 {[%clk 00:06:49]} {[%emt 00:02:24]} Qf7+ {[%clk 00:14:04]} {[%emt
00:00:01]} 51. Bf5 {[%clk 00:06:37]} {[%emt 00:00:41]} Bf4 {[%clk 00:13:43]}
{[%emt 00:00:51]} 52. Be6 {[%clk 00:06:26]} {[%emt 00:00:41]} Qf8 {[%clk
00:13:40]} {[%emt 00:00:33]} 53. Qf5 {[%clk 00:06:49]} {[%emt 00:00:08]} Qe8
{[%clk 00:11:13]} {[%emt 00:02:56]} 54. Qf6+ {[%clk 00:07:05]} {[%emt
00:00:14]} Kh7 {[%clk 00:11:35]} {[%emt 00:00:09]} 55. Qh6# {[%clk 00:07:31]}
{[%emt 00:00:04]} 1-0

[Event "Amsterdam Science Park 2023"]
[Site "Science Park, Amsterdam, Netherlands"]
[Date "2023.07.22"]
[Round "8.4"]
[White "Elgersma, Onno"]
[Black "Van Delft, Merijn"]
[Result "1/2-1/2"]
[WhiteElo "2265"]
[BlackElo "2369"]

1. e4 {[%clk 01:30:56]} {[%emt 00:00:03]} c5 {[%clk 01:30:52]} {[%emt
00:00:06]} 2. Nf3 {[%clk 01:31:14]} {[%emt 00:00:15]} d6 {[%clk 01:31:15]}
{[%emt 00:00:07]} 3. d4 {[%clk 01:31:10]} {[%emt 00:00:34]} cxd4 {[%clk
01:31:38]} {[%emt 00:00:08]} 4. Nxd4 {[%clk 01:31:35]} {[%emt 00:00:04]} Nf6
{[%clk 01:32:01]} {[%emt 00:00:06]} 5. Nc3 {[%clk 01:32:00]} {[%emt 00:00:05]}
a6 {[%clk 01:32:28]} {[%emt 00:00:03]} 6. h3 {[%clk 01:32:16]} {[%emt
00:00:14]} e6 {[%clk 01:32:20]} {[%emt 00:00:37]} 7. g4 {[%clk 01:32:35]}
{[%emt 00:00:12]} Nfd7 {[%clk 01:32:39]} {[%emt 00:00:11]} 8. g5 {[%clk
01:30:17]} {[%emt 00:02:49]} Nc6 {[%clk 01:26:48]} {[%emt 00:06:20]} 9. Be3
{[%clk 01:21:45]} {[%emt 00:09:03]} Qc7 {[%clk 01:24:41]} {[%emt 00:02:36]} 10.
f4 {[%clk 01:10:01]} {[%emt 00:12:15]} b5 {[%clk 01:20:27]} {[%emt 00:04:43]}
11. Bg2 {[%clk 01:02:54]} {[%emt 00:07:37]} Bb7 {[%clk 01:20:07]} {[%emt
00:00:49]} 12. O-O {[%clk 00:55:52]} {[%emt 00:07:34]} Rc8 {[%clk 01:12:04]}
{[%emt 00:08:28]} 13. Rf2 {[%clk 00:35:27]} {[%emt 00:21:01]} Be7 {[%clk
00:51:01]} {[%emt 00:21:29]} 14. f5 {[%clk 00:33:03]} {[%emt 00:02:58]} Nxd4
{[%clk 00:48:57]} {[%emt 00:02:32]} 15. Bxd4 {[%clk 00:32:33]} {[%emt
00:01:01]} Ne5 {[%clk 00:47:04]} {[%emt 00:02:22]} 16. g6 {[%clk 00:24:36]}
{[%emt 00:08:29]} hxg6 {[%clk 00:22:15]} {[%emt 00:25:17]} 17. fxe6 {[%clk
00:24:46]} {[%emt 00:00:19]} fxe6 {[%clk 00:21:49]} {[%emt 00:00:56]} 18. Bxe5
{[%clk 00:24:02]} {[%emt 00:01:16]} dxe5 {[%clk 00:22:07]} {[%emt 00:00:11]} 19.
Qg4 {[%clk 00:24:20]} {[%emt 00:00:12]} Qb6 {[%clk 00:16:09]} {[%emt 00:06:26]}
20. Qxg6+ {[%clk 00:21:18]} {[%emt 00:03:35]} Kd7 {[%clk 00:15:46]} {[%emt
00:00:51]} 21. Nd5 {[%clk 00:08:28]} {[%emt 00:13:22]} Bxd5 {[%clk 00:14:49]}
{[%emt 00:01:27]} 22. exd5 {[%clk 00:08:56]} {[%emt 00:00:02]} Rcf8 {[%clk
00:11:10]} {[%emt 00:04:07]} 23. Qxe6+ {[%clk 00:07:44]} {[%emt 00:01:44]} Qxe6
{[%clk 00:11:26]} {[%emt 00:00:15]} 24. dxe6+ {[%clk 00:08:11]} {[%emt
00:00:03]} Kxe6 {[%clk 00:11:37]} {[%emt 00:00:18]} 25. Re2 {[%clk 00:07:32]}
{[%emt 00:01:09]} Bc5+ {[%clk 00:10:57]} {[%emt 00:01:09]} 26. Kh2 {[%clk
00:07:35]} {[%emt 00:00:27]} Rf2 {[%clk 00:08:39]} {[%emt 00:02:49]} 27. Rxf2
{[%clk 00:07:26]} {[%emt 00:00:39]} Bxf2 {[%clk 00:08:56]} {[%emt 00:00:12]} 28.
Rd1 {[%clk 00:06:49]} {[%emt 00:01:08]} Rh4 {[%clk 00:07:15]} {[%emt 00:02:11]}
29. Bb7 {[%clk 00:05:11]} {[%emt 00:02:09]} a5 {[%clk 00:06:24]} {[%emt
00:01:21]} 30. Kg2 {[%clk 00:05:29]} {[%emt 00:00:12]} Rd4 {[%clk 00:05:58]}
{[%emt 00:00:56]} 31. Rxd4 {[%clk 00:02:50]} {[%emt 00:03:09]} Bxd4 {[%clk
00:06:21]} {[%emt 00:00:07]} 32. c3 {[%clk 00:02:47]} {[%emt 00:00:33]} Be3
{[%clk 00:06:41]} {[%emt 00:00:08]} 33. Bc6 {[%clk 00:02:12]} {[%emt 00:01:07]}
b4 {[%clk 00:06:55]} {[%emt 00:00:16]} 34. a3 {[%clk 00:01:34]} {[%emt
00:01:09]} bxa3 {[%clk 00:06:49]} {[%emt 00:00:36]} 35. bxa3 {[%clk 00:02:02]}
{[%emt 00:00:02]} Bc1 {[%clk 00:07:05]} {[%emt 00:00:12]} 36. a4 {[%clk
00:02:17]} {[%emt 00:00:16]} Bd2 {[%clk 00:07:29]} {[%emt 00:00:06]} 37. c4
{[%clk 00:02:34]} {[%emt 00:00:13]} Kd6 {[%clk 00:07:52]} {[%emt 00:00:06]}
1/2-1/2